书目信息 |
| 题名: |
非营利组织财务研究
|
|
| 作者: | 张彪 著 | |
| 分册: | ||
| 出版信息: | 长沙 湖南人民出版社 2010.01 |
|
| 页数: | 273页 | |
| 开本: | 21cm | |
| 丛书名: | ||
| 单 册: | ||
| 中图分类: | F235 | |
| 科图分类: | ||
| 主题词: | 社会团体--she hui tuan ti--账务管理--研究 | |
| 电子资源: | ||
| ISBN: | 978-7-5438-6210-4 | |
| 000 | 00806nam0 2200241 450 | |
| 001 | 012010421863 | |
| 005 | 20100403145416.21 | |
| 010 | @a978-7-5438-6210-4@dCNY22.00 | |
| 100 | @a20100403d2010 em y0chiy0120 ea | |
| 101 | 0 | @achi |
| 102 | @aCN@b430000 | |
| 105 | @ay a 000yy | |
| 106 | @ar | |
| 200 | 1 | @a非营利组织财务研究@Afei ying li zu zhi cai wu yan jiu@f张彪著@Fzhang biao zhu |
| 210 | @a长沙@c湖南人民出版社@d2010.01 | |
| 215 | @a273页@d21cm | |
| 320 | @a有书目 | |
| 330 | @a本书阐述了非营利组织预算管理、资金凑集、成本管理、财务分析、财务绩效评价、财务透明度、财务规划、财务监督机制等财务管理及相关问题。 | |
| 606 | 0 | @a社会团体@Ashe hui tuan ti@x账务管理@x研究 |
| 690 | @aF235@v4 | |
| 701 | 0 | @a张彪@Azhang biao@4著 |
| 801 | 0 | @aCN@bQSSK@c20100403 |
| 905 | @b773268-70@dF235@eZ076@f3 | |
| 非营利组织财务研究/张彪著.-长沙:湖南人民出版社,2010.01 |
| 273页;21cm |
| ISBN 978-7-5438-6210-4:CNY22.00 |
| 本书阐述了非营利组织预算管理、资金凑集、成本管理、财务分析、财务绩效评价、财务透明度、财务规划、财务监督机制等财务管理及相关问题。 |
| ● |
| 相关链接 |
|
|
|
正题名:非营利组织财务研究
索取号:F235/Z076
 
预约/预借
| 序号 | 登录号 | 条形码 | 馆藏地/架位号 | 状态 | 备注 |
| 1 | 773268 | 207732685 | 社科库409/409社科库 78排2列3层/ [索取号:F235/Z076] | 在馆 | |
| 2 | 773269 | 207732694 | 社科库409/409社科库 78排2列3层/ [索取号:F235/Z076] | 在馆 | |
| 3 | 773270 | 207732701 | 社科库409/409社科库 78排2列3层/ [索取号:F235/Z076] | 在馆 |